| 000 | 00516nam a2200145 a 4500 | ||
|---|---|---|---|
| 005 | 20140412111304.0 | ||
| 008 | 010327s19uu xx 00 eng d | ||
| 050 |
_aTR(GS 371.2 _bF84 1995 |
||
| 100 | _aFullan, Michael G. | ||
| 245 |
_aWhat's worth fighting for in the principalship? : _bstrategies for taking change in elementary school principalship / _cMichael G. Fullan. |
||
| 260 |
_a[s.l.] : _bOntario Public School Teachers' Federation, _c1995. |
||
| 300 | _a48 p. | ||
| 650 | _aPrincipalship | ||
| 999 |
_c103615 _d103615 |
||